000 00434nam a2200181Ia 4500
005 20250423094646.0
008 250422s9999 xx 000 0 und d
020 _a9781408114049
050 _aHF 5351 .B87/
100 _aBusiness: the ultimate resource
245 0 _aBusiness Essential
260 _aLondon
260 _bA & C Black Publishers Ltd.
260 _c2009
300 _a683 p
650 _aBusiness
942 _cBK
999 _c27905
_d27905